[Event "6MCR_4D_1L_1S"]
[Site "?"]
[Date "2004.??.??"]
[Round "?"]
[White "Boukal, Petr"]
[Black "Hala, Martin"]
[Result "1-0"]
[WhiteElo "2416"]
[BlackElo "2372"]
[PlyCount "99"]
[EventDate "2004.??.??"]
[EventType "corr"]
[SourceDate "2004.06.03"]

1. e4 e5 2. Nf3 Nc6 3. d4 exd4 4. Nxd4 Bc5 5. Nxc6 bxc6 6. Nc3 Ne7 7. Na4 Bb6
8. Be2 O-O 9. O-O d6 10. c4 Ng6 11. c5 dxc5 12. Qc2 Qe7 13. f4 Re8 14. Nc3 Bd7
15. Kh1 Rad8 16. Bd2 Bc8 17. Rae1 Kh8 18. Bc4 Rd4 19. Ne2 Rxe4 20. f5 Rxc4 21.
Qxc4 Ne5 22. Qc2 f6 23. Nf4 c4 24. Bc3 Bc5 25. Bxe5 fxe5 26. Ne2 Qh4 27. Ng3
Ba6 28. Re4 Qd8 29. Rfe1 Bd4 30. Ne2 Bc5 31. Nf4 Bd6 32. Qa4 Qc8 33. Ne6 c3 34.
bxc3 Bd3 35. Qxc6 Bxe4 36. Qxe4 g6 37. g4 gxf5 38. gxf5 Qa8 39. Qxa8 Rxa8 40.
c4 Rb8 41. c5 Be7 42. Rf1 Bf6 43. Nxc7 Kg7 44. Kg2 e4 45. Ne6+ Kf7 46. Kf2 Rb2+
47. Ke3 Rxa2 48. Rc1 Be5 49. c6 Kf6 50. Rc5 1-0

[Event "6MCR_4D_1L_1S"]
[Site "?"]
[Date "2004.??.??"]
[Round "?"]
[White "Boukal, Petr"]
[Black "Hostinsky, Jiri"]
[Result "1/2-1/2"]
[WhiteElo "2416"]
[BlackElo "2412"]
[PlyCount "81"]
[EventDate "2004.??.??"]
[EventType "corr"]
[SourceDate "2004.06.03"]

1. e4 c5 2. Nf3 Nc6 3. Bb5 d6 4. O-O Bd7 5. Re1 a6 6. Bxc6 Bxc6 7. c3 e6 8. d4
cxd4 9. Nxd4 Qc7 10. Nxc6 Qxc6 11. Na3 Nf6 12. Nc2 Be7 13. Nd4 Qc4 14. Bg5 O-O
15. a4 b5 16. Qf3 h6 17. b3 Qc5 18. Be3 Qxc3 19. Rec1 Qd3 20. axb5 axb5 21. Nc6
Rae8 22. Ra7 Bd8 23. e5 dxe5 24. Bc5 Qxf3 25. gxf3 Nd5 26. Bxf8 Rxf8 27. Nxe5
Bg5 28. Rc5 Bf6 29. Nc6 Kh7 30. Rc2 Bc3 31. Rca2 b4 32. Ra8 Rxa8 33. Rxa8 Kg6
34. Ra7 f5 35. Ne7+ Kf6 36. Nxd5+ exd5 37. f4 Ke6 38. Ra6+ Ke7 39. Kg2 Kd7 40.
Kg3 Bf6 41. Kf3 1/2-1/2

[Event "6MCR_4D_1L_1S"]
[Site "?"]
[Date "2004.??.??"]
[Round "?"]
[White "Boukal, Petr"]
[Black "Janous, Petr"]
[Result "1/2-1/2"]
[WhiteElo "2416"]
[BlackElo "2270"]
[PlyCount "84"]
[EventDate "2004.??.??"]
[EventType "corr"]
[SourceDate "2004.06.03"]

1. e4 e5 2. Nf3 Nc6 3. d4 exd4 4. Nxd4 Nf6 5. Nxc6 bxc6 6. e5 Qe7 7. Qe2 Nd5 8.
c4 Ba6 9. b3 Qh4 10. a3 Bc5 11. Qf3 Ne7 12. Ra2 Ng6 13. Re2 O-O 14. g3 Qe7 15.
Bb2 Rfe8 16. Qc3 Rab8 17. f4 Nf8 18. Rd2 Bb6 19. c5 Bxf1 20. cxb6 Bh3 21. bxa7
Rb7 22. Qe3 d6 23. Kf2 f6 24. Re1 fxe5 25. fxe5 Ng6 26. Kg1 Qd8 27. Rf2 Qa8 28.
Nd2 Qxa7 29. Qd3 Nxe5 30. Bxe5 dxe5 31. Ne4 Bf5 32. Qf3 Bg6 33. b4 Qd4 34. Nc5
Rbb8 35. Qe3 Qd5 36. Rd2 Qc4 37. Rd7 Ra8 38. Rc1 Qg4 39. Qb3+ Kh8 40. Qc3 Bf5
41. Rd2 Be6 42. Nxe6 Rxe6 1/2-1/2

[Event "6MCR_4D_1L_1S"]
[Site "?"]
[Date "2004.??.??"]
[Round "?"]
[White "Boukal, Petr"]
[Black "Soudny, Jiri"]
[Result "1/2-1/2"]
[WhiteElo "2416"]
[BlackElo "2277"]
[PlyCount "50"]
[EventDate "2004.??.??"]
[EventType "corr"]
[SourceDate "2004.06.03"]

1. e4 e6 2. d4 d5 3. Nd2 Nf6 4. e5 Nfd7 5. f4 c5 6. c3 Nc6 7. Ndf3 Qb6 8. g3
cxd4 9. cxd4 Be7 10. Bh3 O-O 11. Ne2 f6 12. Bxe6+ Kh8 13. exf6 Nxf6 14. Bxc8
Bb4+ 15. Kf1 Raxc8 16. Kg2 Ne4 17. Rf1 Ne7 18. Ne5 Rc7 19. Qd3 Nf5 20. Rb1 Qa6
21. g4 Nh4+ 22. Kh1 Qxd3 23. Nxd3 Rc2 24. Ng3 Bd6 25. Be3 Ng2 1/2-1/2

[Event "6MCR_4D_1L_1S"]
[Site "?"]
[Date "2004.??.??"]
[Round "?"]
[White "Boukal, Petr"]
[Black "Straka, Zdenek"]
[Result "1/2-1/2"]
[WhiteElo "2416"]
[BlackElo "2396"]
[PlyCount "96"]
[EventDate "2004.??.??"]
[EventType "corr"]
[SourceDate "2004.06.03"]

1. e4 e5 2. Nf3 Nc6 3. d4 exd4 4. Nxd4 Bc5 5. Nxc6 Qf6 6. Qd2 dxc6 7. Nc3 Ne7
8. Na4 Bd6 9. f4 O-O 10. Qf2 Ng6 11. g3 Re8 12. Bd3 b5 13. Nc3 b4 14. Nd1 c5
15. O-O Bb7 16. Re1 c4 17. e5 Bxe5 18. fxe5 Qxf2+ 19. Nxf2 cxd3 20. Nxd3 Rad8
21. Kf2 a5 22. a3 Ba6 23. Nc5 Bb5 24. axb4 Nxe5 25. Bf4 Ng4+ 26. Kg1 Rxe1+ 27.
Rxe1 axb4 28. h3 Nf6 29. Bxc7 Rd2 30. c3 Rxb2 31. Be5 bxc3 32. Bxc3 Rc2 33.
Bxf6 gxf6 34. Ne4 Kg7 35. Rd1 Bc6 36. Rd4 Re2 37. Nd6 Bd7 38. h4 Bh3 39. Rd3
Kg6 40. Rf3 Rg2+ 41. Kh1 Rc2 42. Kg1 h5 43. Ne8 Rc6 44. Rd3 Rc8 45. Nd6 Rc2 46.
Rf3 Rg2+ 47. Kh1 Re2 48. Kg1 Be6 1/2-1/2

[Event "6MCR_4D_1L_1S"]
[Site "?"]
[Date "2004.??.??"]
[Round "?"]
[White "Boukal, Petr"]
[Black "Vosahlik, Jiri"]
[Result "1/2-1/2"]
[WhiteElo "2416"]
[BlackElo "2330"]
[PlyCount "69"]
[EventDate "2004.??.??"]
[EventType "corr"]
[SourceDate "2004.06.03"]

1. e4 e6 2. d4 d5 3. Nd2 c5 4. exd5 Qxd5 5. Ngf3 cxd4 6. Bc4 Qd6 7. O-O Nf6 8.
Nb3 Nc6 9. Nbxd4 Nxd4 10. Nxd4 a6 11. Bb3 Qc7 12. Qf3 Bd6 13. Kh1 O-O 14. Bg5
Nd7 15. c3 Ne5 16. Qe4 b5 17. Bc2 Ng6 18. Rad1 Rb8 19. Qd3 Bc5 20. Nb3 Bb6 21.
Be3 Bb7 22. Qd6 Qxd6 23. Rxd6 Bxe3 24. fxe3 Ne5 25. Na5 Ng4 26. Re1 Be4 27.
Bxe4 Nf2+ 28. Kg1 Nxe4 29. Rd7 Rbc8 30. Red1 f5 31. Nb7 Rf7 32. Rd8+ Rxd8 33.
Rxd8+ Rf8 34. Rd7 Rf7 35. Rd8+ 1/2-1/2

[Event "6MCR_4D_1L_1S"]
[Site "?"]
[Date "2004.??.??"]
[Round "?"]
[White "Hala, Martin"]
[Black "Hostinsky, Jiri"]
[Result "0-1"]
[WhiteElo "2372"]
[BlackElo "2412"]
[PlyCount "82"]
[EventDate "2004.??.??"]
[EventType "corr"]
[SourceDate "2004.06.03"]

1. e4 c5 2. Nf3 Nc6 3. Nc3 e6 4. d4 cxd4 5. Nxd4 d6 6. Be3 Nf6 7. Qd2 Be7 8. f3
O-O 9. g4 a6 10. O-O-O Nxd4 11. Bxd4 b5 12. Kb1 Qc7 13. g5 Nd7 14. h4 b4 15.
Na4 Rb8 16. h5 Bb7 17. g6 h6 18. Rg1 f5 19. Qxb4 Bc6 20. Qc3 e5 21. Be3 Rfc8
22. Bc4+ Kh8 23. Bb3 Qb7 24. Bxh6 gxh6 25. g7+ Kh7 26. Be6 Bg5 27. Nc5 Nxc5 28.
Bxf5+ Kg8 29. Rxd6 Qb5 30. Bxc8 Rxc8 31. Qxe5 Re8 32. Qd4 Ne6 33. Qc3 Bb7 34.
a4 Qc5 35. Qxc5 Nxc5 36. a5 Ne6 37. b4 Bf4 38. Rdd1 Bc6 39. Rg6 Re7 40. Rd5 Be8
41. Rg4 Bg5 0-1

[Event "6MCR_4D_1L_1S"]
[Site "?"]
[Date "2004.??.??"]
[Round "?"]
[White "Hala, Martin"]
[Black "Jandek, Stefan"]
[Result "1/2-1/2"]
[WhiteElo "2372"]
[BlackElo "2377"]
[PlyCount "80"]
[EventDate "2004.??.??"]
[EventType "corr"]
[SourceDate "2004.06.03"]

1. e4 c5 2. Nf3 d6 3. d4 cxd4 4. Nxd4 Nf6 5. Nc3 a6 6. Be3 e5 7. Nb3 Be6 8. f3
Nbd7 9. Qd2 b5 10. a4 b4 11. Nd5 Bxd5 12. exd5 Nb6 13. Bxb6 Qxb6 14. a5 Qb7 15.
Bc4 Be7 16. Ra4 Rb8 17. Nc1 Bd8 18. Nd3 Bxa5 19. Nc5 dxc5 20. Rxa5 O-O 21. O-O
Rfd8 22. Qe3 Nxd5 23. Qxe5 Nb6 24. Bxa6 Qd7 25. b3 c4 26. bxc4 Re8 27. Qf4 Qa7
28. c5 Nd5 29. Qh4 Qc7 30. Rfa1 Nf4 31. Bc4 Qe5 32. Kh1 Qd4 33. Bd3 g6 34. c6
Rbc8 35. g3 Ne6 36. Qxd4 Nxd4 37. Rd5 Nxc6 38. Bb5 Kg7 39. f4 Re3 40. Rc5 Na7
1/2-1/2

[Event "6MCR_4D_1L_1S"]
[Site "?"]
[Date "2004.??.??"]
[Round "?"]
[White "Hala, Martin"]
[Black "Janous, Petr"]
[Result "1-0"]
[WhiteElo "2372"]
[BlackElo "2270"]
[PlyCount "65"]
[EventDate "2004.??.??"]
[EventType "corr"]
[SourceDate "2004.06.03"]

1. e4 c5 2. Nf3 d6 3. d4 cxd4 4. Nxd4 Nf6 5. Nc3 a6 6. Be3 e6 7. f3 b5 8. g4 h6
9. Qd2 Nbd7 10. O-O-O Bb7 11. h4 b4 12. Na4 Qa5 13. b3 Nc5 14. a3 Rc8 15. axb4
Nxb3+ 16. Nxb3 Qxa4 17. Kb2 d5 18. c3 Qc6 19. Na5 Qc7 20. Bf4 Qb6 21. Be5 Ba8
22. Bd4 Qc7 23. Qh2 dxe4 24. Qxc7 Rxc7 25. Bxa6 Nd7 26. Bb5 Ke7 27. f4 f6 28.
Be3 g6 29. Rh2 Bg7 30. Rhd2 Nb8 31. Bb6 Rcc8 32. Nc4 Bd5 33. Ra1 1-0

[Event "6MCR_4D_1L_1S"]
[Site "?"]
[Date "2004.??.??"]
[Round "?"]
[White "Hala, Martin"]
[Black "Kolar, Pavel"]
[Result "1/2-1/2"]
[WhiteElo "2372"]
[BlackElo "2283"]
[PlyCount "110"]
[EventDate "2004.??.??"]
[EventType "corr"]
[SourceDate "2004.06.03"]

1. e4 e6 2. d4 d5 3. e5 c5 4. Nc3 Nc6 5. Nf3 cxd4 6. Nb5 Bc5 7. a3 Nge7 8. b4
Bb6 9. Bd3 a6 10. Nd6+ Kf8 11. O-O Bc7 12. Ng5 Nxe5 13. f4 Nf3+ 14. Qxf3 Qxd6
15. Qh5 g6 16. Qh6+ Kg8 17. Bb2 Nc6 18. a4 Bb6 19. b5 Nb4 20. Nf3 Bd7 21. Ne5
Bc5 22. Ng4 f5 23. Ne5 Be8 24. Nf3 Qf8 25. Qh4 Nxc2 26. Bxc2 d3+ 27. Kh1 dxc2
28. Rfc1 h6 29. Bxh8 Kxh8 30. Rxc2 axb5 31. Qe1 Kh7 32. Rac1 b6 33. axb5 Bxb5
34. Qxe6 Qg8 35. Qe5 Bc4 36. Qc7+ Qg7 37. Qc6 Ra7 38. Ne5 Be3 39. Re1 Rc7 40.
Qxg6+ Qxg6 41. Nxg6 d4 42. Ne5 b5 43. Nxc4 bxc4 44. g3 d3 45. Rxe3 dxc2 46. Rc3
Kg6 47. Kg2 Kf6 48. Kf3 Ke6 49. Rxc2 Kd5 50. Rd2+ Kc5 51. Rd8 Kb4 52. Ke2 Kc3
53. Rd5 Rf7 54. Kd1 Rf6 55. Re5 Kd3 1/2-1/2

[Event "6MCR_4D_1L_1S"]
[Site "?"]
[Date "2004.??.??"]
[Round "?"]
[White "Hala, Martin"]
[Black "Vosahlik, Jiri"]
[Result "1-0"]
[WhiteElo "2372"]
[BlackElo "2330"]
[PlyCount "91"]
[EventDate "2004.??.??"]
[EventType "corr"]
[SourceDate "2004.06.03"]

1. e4 c5 2. Nf3 Nc6 3. Nc3 d6 4. d4 cxd4 5. Nxd4 Nf6 6. Bg5 e6 7. Qd2 Be7 8.
O-O-O O-O 9. f3 a6 10. h4 Nxd4 11. Qxd4 b5 12. Kb1 Bb7 13. Qd2 Rc8 14. Bd3 Qc7
15. a3 Rfd8 16. Rde1 Rd7 17. h5 Qd8 18. h6 g6 19. f4 Rdc7 20. Rh3 Rc5 21. e5
dxe5 22. fxe5 Nd7 23. Bxe7 Qxe7 24. Be4 Bxe4 25. Nxe4 Rxe5 26. Rd3 Nf8 27. Qe3
Kh8 28. Qd4 f6 29. Rf1 Rd5 30. Qxf6+ Qxf6 31. Rxf6 Rh5 32. Rf7 Rxh6 33. Rdf3
Kg8 34. Re7 g5 35. Rff7 Re8 36. Ra7 Ra8 37. Rg7+ Kh8 38. Rxh7+ Rxh7 39. Rxa8
Kg7 40. Nxg5 Rh1+ 41. Ka2 Rh2 42. Rxa6 Kf6 43. Ne4+ Ke5 44. Nc3 Rxg2 45. Kb3
Nd7 46. Rc6 1-0

[Event "6MCR_4D_1L_1S"]
[Site "?"]
[Date "2004.??.??"]
[Round "?"]
[White "Hostinsky, Jiri"]
[Black "Hybl, Vladislav"]
[Result "1/2-1/2"]
[WhiteElo "2412"]
[BlackElo "2309"]
[PlyCount "40"]
[EventDate "2004.??.??"]
[EventType "corr"]
[SourceDate "2004.06.03"]

1. e4 c5 2. Nf3 Nc6 3. d4 cxd4 4. Nxd4 Nf6 5. Nc3 e5 6. Ndb5 d6 7. Bg5 a6 8.
Na3 b5 9. Bxf6 gxf6 10. Nd5 f5 11. Bxb5 axb5 12. Nxb5 Ra4 13. Nbc7+ Kd7 14. O-O
Rxe4 15. Qh5 Nd4 16. Qxf7+ Kc6 17. Rfd1 Qd7 18. Qh5 Rg8 19. Rd3 Reg4 20. Kh1
Qg7 1/2-1/2

[Event "6MCR_4D_1L_1S"]
[Site "?"]
[Date "2004.??.??"]
[Round "?"]
[White "Hostinsky, Jiri"]
[Black "Jandek, Stefan"]
[Result "1-0"]
[WhiteElo "2412"]
[BlackElo "2377"]
[PlyCount "95"]
[EventDate "2004.??.??"]
[EventType "corr"]
[SourceDate "2004.06.03"]

1. e4 e5 2. Nf3 Nc6 3. d4 exd4 4. Nxd4 Bc5 5. Nb3 Bb6 6. Nc3 d6 7. Qe2 Be6 8.
Be3 Nf6 9. O-O-O Ng4 10. Bxb6 axb6 11. f4 O-O 12. e5 Qc8 13. h3 Nh6 14. exd6
Nf5 15. d7 Qd8 16. Qf2 Nd6 17. g4 Qxd7 18. f5 Bxb3 19. cxb3 Rfd8 20. Bg2 Ra5
21. Rhe1 Re8 22. Kb1 Rxe1 23. Qxe1 Re5 24. Bxc6 Qe7 25. Qh1 bxc6 26. Qxc6 h5
27. Nd5 Qe8 28. Qc2 Re2 29. Qd3 Qe5 30. Qd4 Qh2 31. f6 c5 32. Ne7+ Rxe7 33.
Qxd6 Re2 34. Qxh2 Rxh2 35. gxh5 Rxh3 36. Rd8+ Kh7 37. Rf8 Rf3 38. Rxf7 Rxf6 39.
Rb7 Kh6 40. a4 Rf8 41. Ka2 Rg8 42. Rxb6+ Kxh5 43. Rb5 g5 44. Rxc5 Kh4 45. b4 g4
46. b5 g3 47. Rc1 g2 48. b4 1-0

[Event "6MCR_4D_1L_1S"]
[Site "?"]
[Date "2004.??.??"]
[Round "?"]
[White "Hostinsky, Jiri"]
[Black "Kolar, Pavel"]
[Result "1/2-1/2"]
[WhiteElo "2412"]
[BlackElo "2283"]
[PlyCount "56"]
[EventDate "2004.??.??"]
[EventType "corr"]
[SourceDate "2004.06.03"]

1. e4 e6 2. d4 d5 3. Nc3 Bb4 4. e5 c5 5. a3 Bxc3+ 6. bxc3 Ne7 7. Qg4 Qc7 8.
Qxg7 Rg8 9. Qxh7 cxd4 10. Ne2 Nbc6 11. f4 Bd7 12. Qd3 dxc3 13. Nxc3 a6 14. h4
Na5 15. Rh3 Nf5 16. h5 O-O-O 17. a4 Rg4 18. Ne2 Nc4 19. Qc3 Qc5 20. Ba3 Qa7 21.
a5 Bb5 22. Rd1 Nfe3 23. Rd4 Nxg2+ 24. Bxg2 Rxg2 25. Be7 Re8 26. h6 Kd7 27. Bb4
Nxa5 28. Bxa5 Rxe2+ 1/2-1/2

[Event "6MCR_4D_1L_1S"]
[Site "?"]
[Date "2004.??.??"]
[Round "?"]
[White "Hostinsky, Jiri"]
[Black "Lounek, Jan"]
[Result "0-1"]
[WhiteElo "2412"]
[BlackElo "2365"]
[PlyCount "98"]
[EventDate "2004.??.??"]
[EventType "corr"]
[SourceDate "2004.06.03"]

1. e4 c5 2. Nf3 d6 3. d4 cxd4 4. Nxd4 Nf6 5. Nc3 a6 6. Bc4 e6 7. Bb3 Nbd7 8. f4
Nc5 9. e5 Nfd7 10. exd6 Nf6 11. Be3 Bxd6 12. Qf3 O-O 13. O-O Qc7 14. Rad1 Bd7
15. Bc4 e5 16. fxe5 Bxe5 17. h3 Ne6 18. Bd5 Rab8 19. Qf2 b5 20. Bb3 b4 21. Nd5
Nxd5 22. Bxd5 a5 23. Qh4 Rbe8 24. Be4 g6 25. Bd5 Nxd4 26. Bxd4 Be6 27. Bxe6
Rxe6 28. c3 bxc3 29. bxc3 Qc4 30. Rd2 Rfe8 31. Rb1 a4 32. Rdb2 Bc7 33. Qf2 a3
34. Rb7 Qc6 35. Ra7 Qd6 36. g3 Re2 37. Ra8 Bd8 38. Qf3 Rxa2 39. Rf1 Rf8 40. Be3
h5 41. h4 Qe6 42. Bc5 Be7 43. Rxf8+ Kxf8 44. Bd4 f5 45. Qa8+ Kf7 46. Qh8 Re2
47. Qg7+ Ke8 48. Qh8+ Kd7 49. Bf2 Qc6 0-1

[Event "6MCR_4D_1L_1S"]
[Site "?"]
[Date "2004.??.??"]
[Round "?"]
[White "Hostinsky, Jiri"]
[Black "Mezera, Lukas"]
[Result "1/2-1/2"]
[WhiteElo "2412"]
[BlackElo "2258"]
[PlyCount "75"]
[EventDate "2004.??.??"]
[EventType "corr"]
[SourceDate "2004.06.03"]

1. e4 e5 2. Nf3 Nc6 3. d4 exd4 4. Nxd4 Nf6 5. Nxc6 bxc6 6. e5 Qe7 7. Qe2 Nd5 8.
c4 Ba6 9. b3 g6 10. f4 f6 11. exf6 Qxe2+ 12. Bxe2 Bb4+ 13. Kd1 Nxf6 14. Be3 Kf7
15. a3 Bd6 16. Nc3 Rhe8 17. Kd2 c5 18. Bf3 Rab8 19. Rab1 Bb7 20. Rhf1 Bxf3 21.
Rxf3 c6 22. Kc2 Re6 23. Rbf1 Rbe8 24. Bd2 Rg8 25. g3 Re7 26. Be3 Rge8 27. Bf2
Ng4 28. Rd1 Re6 29. h3 Nxf2 30. Rxf2 Ke7 31. g4 Rf8 32. f5 gxf5 33. gxf5 Re3
34. f6+ Ke6 35. Kd2 Re5 36. Rdf1 Rf7 37. Kd3 Bf8 38. h4 1/2-1/2

[Event "6MCR_4D_1L_1S"]
[Site "?"]
[Date "2004.??.??"]
[Round "?"]
[White "Hybl, Vladislav"]
[Black "Boukal, Petr"]
[Result "1/2-1/2"]
[WhiteElo "2309"]
[BlackElo "2416"]
[PlyCount "80"]
[EventDate "2004.??.??"]
[EventType "corr"]
[SourceDate "2004.06.03"]

1. e4 e6 2. d4 d5 3. Nc3 Bb4 4. e5 c5 5. a3 Bxc3+ 6. bxc3 Ne7 7. Nf3 Bd7 8. a4
Qa5 9. Bd2 Nbc6 10. Bb5 c4 11. O-O f6 12. Re1 O-O-O 13. Qc1 Rde8 14. Qa3 Ng6
15. Qc5 Kb8 16. Rab1 Qc7 17. a5 Nd8 18. Bxd7 Qxd7 19. Rb2 Qc7 20. Qb4 Nc6 21.
Qa4 Ka8 22. exf6 gxf6 23. Rb5 Rhg8 24. Reb1 Rb8 25. a6 b6 26. Re1 Qd7 27. Kh1
e5 28. Rbb1 e4 29. Ng1 Nh4 30. g3 Ng6 31. Bh6 Rbe8 32. f3 f5 33. Re2 Re6 34.
Rf1 Nge7 35. Be3 Ng6 36. fxe4 fxe4 37. Ref2 Ree8 38. Rf7 Re7 39. R7f6 Re6 40.
Rf7 Re7 1/2-1/2

[Event "6MCR_4D_1L_1S"]
[Site "?"]
[Date "2004.??.??"]
[Round "?"]
[White "Hybl, Vladislav"]
[Black "Hala, Martin"]
[Result "1/2-1/2"]
[WhiteElo "2309"]
[BlackElo "2372"]
[PlyCount "50"]
[EventDate "2004.??.??"]
[EventType "corr"]
[SourceDate "2004.06.03"]

1. e4 e5 2. Nf3 Nc6 3. Bb5 f5 4. Nc3 fxe4 5. Nxe4 d5 6. Nxe5 dxe4 7. Nxc6 Qg5
8. Qe2 Nf6 9. f4 Qxf4 10. Ne5+ c6 11. d4 Qh4+ 12. g3 Qh3 13. Bc4 Be6 14. Bg5
O-O-O 15. O-O-O Bd6 16. Nf7 Bxf7 17. Bxf7 Rhf8 18. Bc4 Rde8 19. Rhf1 h6 20. Bf4
Bxf4+ 21. Rxf4 Re7 22. d5 cxd5 23. Bxd5 Rfe8 24. Bb3 Kb8 25. Rff1 Qc8 1/2-1/2

[Event "6MCR_4D_1L_1S"]
[Site "?"]
[Date "2004.??.??"]
[Round "?"]
[White "Hybl, Vladislav"]
[Black "Lounek, Jan"]
[Result "0-1"]
[WhiteElo "2309"]
[BlackElo "2365"]
[PlyCount "104"]
[EventDate "2004.??.??"]
[EventType "corr"]
[SourceDate "2004.06.03"]

1. e4 c5 2. Nf3 d6 3. d4 cxd4 4. Nxd4 Nf6 5. Nc3 a6 6. Be2 e5 7. Nb3 Be7 8. O-O
Be6 9. Be3 Nbd7 10. Qd3 Rc8 11. Nd5 Bxd5 12. exd5 Nb6 13. Bf3 Nc4 14. Nd2 Nxe3
15. fxe3 g6 16. c4 Nd7 17. b4 O-O 18. g4 Qb6 19. Rab1 Bg5 20. Rb3 Nf6 21. Qe2
e4 22. Bg2 Qc7 23. Bxe4 Rfe8 24. Bf3 b5 25. Rc1 Qb6 26. Rcc3 Nd7 27. Kg2 Ne5
28. cxb5 axb5 29. Ne4 h6 30. Nxg5 hxg5 31. Qd2 Nc4 32. Qf2 Ra8 33. a3 Re5 34.
Rd3 f5 35. gxf5 gxf5 36. Rbc3 Qa7 37. Bd1 Rae8 38. Bh5 R8e7 39. Bd1 Rxe3 40.
Qxf5 Re1 41. Bh5 Qg1+ 42. Kh3 R1e5 43. Qc8+ Re8 44. Qg4 Qf1+ 45. Qg2 Qf6 46.
Qf3 Rf5 47. Bxe8 Rxf3+ 48. Rxf3 g4+ 49. Kxg4 Ne5+ 50. Kg3 Nxf3 51. Rxf3 Qe5+
52. Rf4 Qxe8 0-1

[Event "6MCR_4D_1L_1S"]
[Site "?"]
[Date "2004.??.??"]
[Round "?"]
[White "Hybl, Vladislav"]
[Black "Soudny, Jiri"]
[Result "0-1"]
[WhiteElo "2309"]
[BlackElo "2277"]
[PlyCount "90"]
[EventDate "2004.??.??"]
[EventType "corr"]
[SourceDate "2004.06.03"]

1. e4 e6 2. d4 d5 3. Nc3 Nf6 4. Bg5 dxe4 5. Nxe4 Be7 6. Bxf6 Bxf6 7. Nf3 O-O 8.
Qd2 Nd7 9. O-O-O b6 10. Bc4 Bb7 11. Rhe1 Bd5 12. Bd3 c5 13. c4 Bb7 14. dxc5 Qc7
15. Bc2 Bxe4 16. Bxe4 Rad8 17. Qc2 g6 18. c6 Nc5 19. g3 a5 20. h4 Bg7 21. Nh2
a4 22. Bg2 a3 23. b4 Na6 24. Qb3 Bb2+ 25. Kb1 Qe7 26. c5 bxc5 27. b5 Bg7 28.
Ng4 h5 29. Rxd8 Rxd8 30. bxa6 hxg4 31. Qxa3 Qf6 32. c7 Rd2 33. c8=Q+ Kh7 34.
Kc1 Rxf2 35. Qb7 Qd4 36. Qe4 Qd2+ 37. Kb1 f5 38. Re2 Rxe2 39. Qxe2 Qxe2 40. a7
Qe1+ 41. Qc1 Qb4+ 42. Kc2 Qa4+ 43. Kb1 Qxa7 44. Qe3 Qb8+ 45. Qb3 Qe5 0-1

[Event "6MCR_4D_1L_1S"]
[Site "?"]
[Date "2004.??.??"]
[Round "?"]
[White "Hybl, Vladislav"]
[Black "Straka, Zdenek"]
[Result "0-1"]
[WhiteElo "2309"]
[BlackElo "2396"]
[PlyCount "84"]
[EventDate "2004.??.??"]
[EventType "corr"]
[SourceDate "2004.06.03"]

1. e4 e5 2. Nf3 Nc6 3. Bb5 a6 4. Ba4 Nf6 5. O-O Be7 6. Re1 b5 7. Bb3 d6 8. c3
O-O 9. h3 Bb7 10. d4 Re8 11. Nbd2 Bf8 12. a4 h6 13. Bc2 exd4 14. cxd4 Nb4 15.
Bb1 c5 16. d5 Nd7 17. Ra3 c4 18. Nd4 Qf6 19. N2f3 Nd3 20. Bxd3 b4 21. Ra1 cxd3
22. Qxd3 Nc5 23. Qc4 a5 24. Nb5 Rad8 25. Re3 Qg6 26. Nd2 f5 27. Qd4 Qf7 28.
exf5 Bxd5 29. Nc7 Rxe3 30. fxe3 Bb3 31. Na6 Nxa6 32. Qb6 Ra8 33. Nxb3 Qxb3 34.
Qb7 Qd1+ 35. Kh2 Rd8 36. Qxa6 d5 37. Qe6+ Kh8 38. e4 dxe4 39. Qxe4 Bd6+ 40. g3
Rc8 41. h4 h5 42. Kh3 Qf1+ 0-1

[Event "6MCR_4D_1L_1S"]
[Site "?"]
[Date "2004.??.??"]
[Round "?"]
[White "Hybl, Vladislav"]
[Black "Vosahlik, Jiri"]
[Result "1/2-1/2"]
[WhiteElo "2309"]
[BlackElo "2330"]
[PlyCount "38"]
[EventDate "2004.??.??"]
[EventType "corr"]
[SourceDate "2004.06.03"]

1. e4 c5 2. Nf3 d6 3. d4 cxd4 4. Nxd4 Nf6 5. Nc3 a6 6. Be2 e6 7. O-O Be7 8. Be3
O-O 9. f4 Qc7 10. g4 d5 11. exd5 Nxd5 12. Nxd5 exd5 13. Bf3 Re8 14. Qd2 Nd7 15.
g5 Nb6 16. b3 Bh3 17. Rfe1 Rac8 18. Re2 Qd7 19. Rae1 Bg4 1/2-1/2

[Event "6MCR_4D_1L_1S"]
[Site "?"]
[Date "2004.??.??"]
[Round "?"]
[White "Jandek, Stefan"]
[Black "Boukal, Petr"]
[Result "1-0"]
[WhiteElo "2377"]
[BlackElo "2416"]
[PlyCount "57"]
[EventDate "2004.??.??"]
[EventType "corr"]
[SourceDate "2004.06.03"]

1. e4 e6 2. d4 d5 3. Nc3 Bb4 4. e5 c5 5. a3 Bxc3+ 6. bxc3 Ne7 7. Qg4 Qc7 8.
Qxg7 Rg8 9. Qxh7 cxd4 10. Ne2 Nbc6 11. f4 Bd7 12. Qd3 dxc3 13. Qxc3 Nf5 14. Rb1
d4 15. Qd3 O-O-O 16. Rg1 f6 17. g4 Nh4 18. exf6 Be8 19. Rg3 Bf7 20. g5 Nf5 21.
Rh3 Bg6 22. Bg2 Nd6 23. Qb3 Bf5 24. Rg3 Kb8 25. f7 Nxf7 26. Qc4 Rd5 27. Bxd5
exd5 28. Qxd5 Bxc2 29. g6 1-0

[Event "6MCR_4D_1L_1S"]
[Site "?"]
[Date "2004.??.??"]
[Round "?"]
[White "Jandek, Stefan"]
[Black "Hybl, Vladislav"]
[Result "1-0"]
[WhiteElo "2377"]
[BlackElo "2309"]
[PlyCount "79"]
[EventDate "2004.??.??"]
[EventType "corr"]
[SourceDate "2004.06.03"]

1. e4 c6 2. d4 d5 3. e5 Bf5 4. Nf3 e6 5. Be2 c5 6. Be3 Nd7 7. O-O Ne7 8. c4
dxc4 9. Na3 Nd5 10. Nxc4 b5 11. Bg5 Qc7 12. Ne3 Nxe3 13. Bxe3 a6 14. dxc5 Rd8
15. Qb3 Be4 16. Rfc1 Bxf3 17. gxf3 Qxe5 18. f4 Qf5 19. Qc2 Qxc2 20. Rxc2 Be7
21. a4 O-O 22. axb5 axb5 23. Ra7 Bxc5 24. Bxc5 Nxc5 25. Rxc5 Rd2 26. Bxb5 Rxb2
27. f5 exf5 28. Rxf5 g6 29. Rc5 Rb8 30. Bc4 R2b7 31. Rca5 Kg7 32. Bd5 Rxa7 33.
Rxa7 Rf8 34. h4 Kf6 35. Kg2 h6 36. Kf3 Kg7 37. Kg4 Kf6 38. h5 gxh5+ 39. Kxh5
Kg7 40. Ra8 1-0

[Event "6MCR_4D_1L_1S"]
[Site "?"]
[Date "2004.??.??"]
[Round "?"]
[White "Jandek, Stefan"]
[Black "Lounek, Jan"]
[Result "1-0"]
[WhiteElo "2377"]
[BlackElo "2365"]
[PlyCount "103"]
[EventDate "2004.??.??"]
[EventType "corr"]
[SourceDate "2004.06.03"]

1. e4 c5 2. Nf3 d6 3. d4 cxd4 4. Nxd4 Nf6 5. Nc3 a6 6. f3 Qb6 7. Nb3 e6 8. Qe2
Qc7 9. Be3 b5 10. Qf2 Nbd7 11. O-O-O b4 12. Ne2 Bb7 13. g4 Nxg4 14. fxg4 Bxe4
15. Ng3 Bxh1 16. Nxh1 Be7 17. Bf4 O-O 18. Ng3 Ne5 19. Ne4 Rfd8 20. g5 a5 21.
Nd4 a4 22. h4 Ng6 23. Bg3 Qb7 24. Nd2 b3 25. cxb3 axb3 26. a3 e5 27. N4xb3 Ra4
28. Kb1 d5 29. Rc1 Rda8 30. Rc3 Qd7 31. Nc5 Bxc5 32. Qxc5 Rd4 33. Bd3 Nf4 34.
Bxf4 Rxf4 35. Bb5 Qf5+ 36. Ka2 Qe6 37. Qc7 d4+ 38. Bc4 Qe8 39. Rc1 Qb8 40. Qc5
g6 41. Bb3 Ra7 42. Qc6 Qa8 43. Qd6 Qe8 44. h5 gxh5 45. g6 Kh8 46. gxf7 Rfxf7
47. Bxf7 Qxf7+ 48. Ka1 Re7 49. Rc8+ Kg7 50. Nf3 Qe6 51. Qd8 Kg6 52. Rc1 1-0

[Event "6MCR_4D_1L_1S"]
[Site "?"]
[Date "2004.??.??"]
[Round "?"]
[White "Jandek, Stefan"]
[Black "Mezera, Lukas"]
[Result "1/2-1/2"]
[WhiteElo "2377"]
[BlackElo "2258"]
[PlyCount "61"]
[EventDate "2004.??.??"]
[EventType "corr"]
[SourceDate "2004.06.03"]

1. e4 e5 2. Nf3 Nf6 3. Nxe5 d6 4. Nf3 Nxe4 5. d4 d5 6. Bd3 Be7 7. O-O Nc6 8. c4
Nb4 9. Be2 O-O 10. Nc3 Bf5 11. a3 Nxc3 12. bxc3 Nc6 13. Re1 dxc4 14. Bxc4 Bd6
15. Bg5 Qd7 16. Nh4 Na5 17. Ba2 Bg4 18. Qd3 Rae8 19. h3 Rxe1+ 20. Rxe1 Re8 21.
Re3 Rxe3 22. fxe3 Be6 23. d5 h6 24. Bb1 hxg5 25. dxe6 Qxe6 26. Qh7+ Kf8 27. Nf5
f6 28. Qxg7+ Ke8 29. Kf2 c6 30. g3 Qe5 31. Qg6+ 1/2-1/2

[Event "6MCR_4D_1L_1S"]
[Site "?"]
[Date "2004.??.??"]
[Round "?"]
[White "Jandek, Stefan"]
[Black "Soudny, Jiri"]
[Result "1/2-1/2"]
[WhiteElo "2377"]
[BlackElo "2277"]
[PlyCount "37"]
[EventDate "2004.??.??"]
[EventType "corr"]
[SourceDate "2004.06.03"]

1. e4 e6 2. d4 d5 3. Nc3 Nf6 4. Bg5 dxe4 5. Nxe4 Be7 6. Bxf6 Bxf6 7. Nf3 O-O 8.
Qd2 Nd7 9. O-O-O b6 10. Bc4 Bb7 11. d5 b5 12. Bb3 Nb6 13. Nxf6+ Qxf6 14. dxe6
fxe6 15. Rhe1 Nc4 16. Bxc4 bxc4 17. Qe3 Bd5 18. c3 Rae8 19. Rd4 1/2-1/2